À quel disney ou pixar appartient ce personnage #3 - Statistiques

Statistiques générales
  • Ce quiz a été pris 309 fois
  • Le résultat moyen est 6 sur 11
Statistiques - réponses
Hint Personnage Disney/pixar % Correct
7 Maximus Raiponce
90%
2 Frozone Les indestructibles
80%
1 Nani Lilo et Stitch
62%
3 Cléo Pinocchio
61%
6 Ellie La haut
55%
11 Oaken La reine des neiges
53%
9 Sid Toy story
52%
5 Napoléon Les aristochats
38%
4 Max La petite sirène
34%
10 Yokai Les nouveaux héros
22%
8 Spot Le voyage d'Arlo
22%
Aucun quiz correspondant
Distribution des résultats
% des personnes avec chaque résultat
Percentile par nombre de réponses
Votre historique - résultats
Vous n’avez pas pris ce quiz